Statistiques concernant Signes astrologiques chinois par symboles

Cliquez ici pour prendre le quiz!

Statistiques générales

  • Ce quiz a été pris 22 fois
  • Le résultat moyen est 9 sur 12

Statistiques - réponses

Réponse% Correct
Chien
94%
Dragon
88%
Rat
88%
Cheval
81%
Serpent
81%
Singe
81%
Boeuf/Buffle
75%
Coq/Poulet
75%
Lapin
69%
Tigre
69%
Cochon
63%
Bouc/Chèvre/Mouton
56%

Distribution des résultats

Percentile par nombre de réponses

% des personnes avec chaque résultat

Votre développement - résultats

Vous n’avez pas pris ce quiz